00952nam a2200253 i 450000100060000000300090000600500170001500700030003200800410003510000290007624501110010526000380021630000220025449000460027650000120032250400200033450500710035465000210042570000300044683000540047685200310053099900170056195201200057822933ES-MaACL20230906152800.0t|021205s1959 fr ||||1| fre d1 aAlphandery, Paul.92046513aLa Chrétienté et l'idée de Croisade / cpar Paul Alphandéry ; texte établi par Alphonse Dupront. aParís : bAlbin Michel, c1959. av. <2> ; c20 cm.1 aL' évolution de l'humanité ; v38 bis aIndice. aBibliografía.8 aContiene: V. II: Recommencements necessaires (XII-XIII siècles). 4aCruzadas.9114631 aDupront, Alphonse.9461240 aL' évolution de l'humanité ; v38 bis9181507 aES-MaACLjP-601 bR.114879 c22933d22933 00104070aATENEOMbATENEOMcDEPO2d2008-01-17eSCl0oP-601p1023623r2023-02-23 00:00:00w2023-02-23yMONOGRAFIA